000 00880nam a22002537a 4500
005 20170123162326.0
010 _aA-678201
020 _c60.00
035 _aA-678201
037 _bCen Lib/Ret
040 _aDPL
_bUR
082 _aک
_bم ظ ه
100 _aمظہر الزماں خان
_9109692
245 _aآخری داستاں گو :
_cمظہر الزماں خان
_bنیی الف لیلا /
246 _akhiri dastan go : nayi alif laila /
_bby Mazhar Alzaman Khan
260 _aنیی دہلی
_bتخلیکر پبلشرس
_c1994
270 _bنیی دہلی
_e110002
_a١٧٧٩، کچہ دکھنی رہے دریاگنج
300 _a159p.
_c20cm(Hb)
650 _aاردو ادب
_9119628
650 _aاردو افسانے
_x
_9889
650 _v
_aUrdu literature
_9119629
650 _aUrdu stories
_9119630
942 _2ddc
_cUR
_hک
_mم ظ ه
999 _c107477
_d107477